Koncesionárske poplatky platené zamestnávateľom

Koncesionárske poplatky sú úhrady za služby verejnosti poskytované Rozhlasom a televíziou Slovenska upravené v zákone č. 340/2012 Z. z. o úhrade za služby verejnosti poskytované Rozhlasom a televíziou Slovenska v z. n. p. Vyberateľom úhrady a príjemcom úhrady je RTVS.Platiteľom tejto úhrady popri f...

Full description

Saved in:
Bibliographic Details
Main Author: Gášpárová, Eva
Format: Book Chapter
Language:Slovak
Subjects:
Tags: Add Tag
No Tags, Be the first to tag this record!

MARC

LEADER 00000naa a2200000 4500
001 0246974
005 20221104110819.1
041 0 |a slo 
044 |a SK 
245 1 0 |a Koncesionárske poplatky platené zamestnávateľom  |c Eva Gášpárová 
520 |a Koncesionárske poplatky sú úhrady za služby verejnosti poskytované Rozhlasom a televíziou Slovenska upravené v zákone č. 340/2012 Z. z. o úhrade za služby verejnosti poskytované Rozhlasom a televíziou Slovenska v z. n. p. Vyberateľom úhrady a príjemcom úhrady je RTVS.Platiteľom tejto úhrady popri fyzických osobách je aj zamestnávateľ, ktorý v pracovnom pomere alebo obdobnom pracovnom vzťahu zamestnáva aspoň troch zamestnancov. Podmienkou pre platenie úhrad zamestnávateľom nie je vlastníctvo alebo využívanie rádia, televízie alebo iného zariadenia. Platiť koncesionárske poplatky sú povinní aj zamestnávatelia, ktorí služby poskytované RTVS nevyužívajú, ak zamestnávajú aspoň troch zamestnancov. Ilustračné príklady. 
610 2 0 |a zamestnávatelia 
610 2 0 |a poplatky 
610 2 0 |a koncesie 
610 2 0 |a rozhlas 
610 2 0 |a televízia 
610 2 0 |a služby verejné 
100 1 |a Gášpárová, Eva